Toute les races de chien en L (sans image) - Statistiques

Statistiques générales
  • Ce quiz a été pris 19 fois
  • Le résultat moyen est 8 sur 14
Statistiques - réponses
Réponses % Correct
8 Lévrier afghan
94%
9 Lévrier écossais
94%
10 Lévrier espagnol
94%
11 Lévrier hongrois
94%
12 Lévrier irlandais
94%
13 Lévrier polonais
94%
2 Labrador
78%
14 Lhassa Apso
44%
7 Léonberg
39%
6 Landseer
11%
3 Laïka de Sibérie occidentale
6%
4 Laïka de Sibérie orientale
6%
5 Lakeland Terrier
6%
1 Labradoodle
0%
Aucun quiz correspondant
Distribution des résultats
% des personnes avec chaque résultat
Percentile par nombre de réponses
Votre historique - résultats
Vous n’avez pas pris ce quiz